[Event "Box Hill CC-ch"]
[Site "Box Hill"]
[Date "2000.06.16"]
[Round "7.21"]
[White "Simpson, Bruce"]
[Black "Butler, John M"]
[Result "0-1"]
[WhiteElo "1306"]
[BlackElo "1564"]
[PlyCount "50"]
[EventDate "2000.??.??"]
[EventType "swiss"]
[EventRounds "9"]
[EventCountry "AUS"]
[SourceTitle "EXT 2003"]
[Source "ChessBase"]
[SourceDate "2002.11.25"]
[SourceVersion "1"]
[SourceVersionDate "2002.11.25"]
[SourceQuality "1"]

1. Nf3 Nf6 2. g3 b6 3. Bg2 Bb7 4. 0-0 e6 5. d4 Be7 6. Re1 0-0 7. Bg5 a6 8. Bxf6 Bxf6 9. e4 d6 10. c4 Nd7 11. Nc3 a5 12. Qd3 e5 13. dxe5 Nc5 14. Qd2 dxe5 15. Qxd8 Raxd8 16. Nd5 Bxd5 17. exd5 e4 18. Nd2 Bxb2 19. Rab1 Bc3 20. Re2 Bxd2 21. Rxd2 Rfe8 22. Re1 f5 23. h3 Nd3 24. Re3 Ne5 25. Bf1 Nf3+ 0-1

[Event "Box Hill Autumn Cup"]
[Site "Box Hill"]
[Date "2000.03.17"]
[Round "7.21"]
[White "Jenkins, Keith"]
[Black "Simpson, Bruce"]
[Result "0-1"]
[WhiteElo "1506"]
[BlackElo "1206"]
[PlyCount "134"]
[EventDate "2000.??.??"]
[EventType "swiss"]
[EventRounds "9"]
[EventCountry "AUS"]
[SourceTitle "EXT 2003"]
[Source "ChessBase"]
[SourceDate "2002.11.25"]
[SourceVersion "1"]
[SourceVersionDate "2002.11.25"]
[SourceQuality "1"]

1. d4 Nf6 2. c4 e6 3. Nc3 Bb4 4. e3 c5 5. Bd3 cxd4 6. exd4 Be7 7. Nf3 d6 8. 0-0 0-0 9. Re1 Re8 10. h3 Bf8 11. Bg5 Nbd7 12. Qc2 Qa5 13. a3 g6 14. Rac1 Bg7 15. Nb5 d5 16. cxd5 Nxd5 17. Nd6 Rf8 18. Bh4 Qb6 19. Nc4 Qc7 20. Bg3 Qd8 21. h4 Bh6 22. Rcd1 Bf4 23. Bxf4 Nxf4 24. Be4 Nf6 25. Rc1 Nxe4 26. Qxe4 Nd5 27. Nce5 Qf6 28. Qc2 Qg7 29. Qa4 a6 30. Qc4 Re8 31. b4 f6 32. Nd3 b5 33. Qb3 Bb7 34. Nc5 Bc8 35. Rc2 Ra7 36. Nxe6 Bxe6 37. Rxe6 Rxe6 38. Qxd5 Qd7 39. Qb3 Kg7 40. d5 Rd6 41. Rc5 Rc7 42. Qc3 Rxc5 43. bxc5 Rxd5 44. c6 Qc7 45. Nd4 Rxd4 46. Qxd4 Qxc6 47. Qe3 Qd6 48. Qa7+ Kh6 49. g3 f5 50. Qe3+ Kg7 51. Qc3+ Kh6 52. Kg2 Qd5+ 53. Kf1 Qc4+ 54. Qxc4 bxc4 55. Ke2 g5 56. hxg5+ Kxg5 57. f3 h5 58. Ke3 h4 59. gxh4+ Kxh4 60. Kd4 Kg3 61. Kxc4 Kxf3 62. Kd3 f4 63. Kd2 Kf2 64. Kd1 f3 65. Kd2 Kg1 66. Kc3 f2 67. Kb4 f1Q 0-1